LEADER 01093nam2 22002651i 450 001 VAN0043259 005 20221122103948.11 100 $a20060403d1949 |0itac50 ba 101 $aita 102 $aIT 105 $a|||| ||||| 200 1 $aˆ1: L'‰impresa commerciale, le società commerciali$fVittorio Salandra 205 $a3. ed 210 $aBologna$cZuffi$d1949 215 $aVII, 462 p.$d22 cm 461 1$1001VAN0043297$12001 $aManuale di diritto commerciale$fVittorio Salandra$1205 $aBologna : Zuffi$1210 $dv. ; 22 cm$1215 $aFondo Raffaele Papa.$v1 620 $dBologna$3VANL000003 700 1$aSalandra$bVittorio$3VANV035246$0228054 712 $aZuffi$3VANV109541$4650 801 $aIT$bSOL$c20221125$gRICA 899 $aBIBLIOTECA DEL DIPARTIMENTO DI GIURISPRUDENZA$1IT-CE0105$2VAN00 912 $aVAN0043259 950 $aBIBLIOTECA DEL DIPARTIMENTO DI GIURISPRUDENZA$d00CONS VI.C.87 $e00FP 29274 20060403 Fondo Raffaele Papa 996 $aImpresa commerciale, le società commerciali$91403465 997 $aUNISOB